Foods & Nutrition 2232 sections 530 & 534 Brescia (Record no. 3003)

000 -LEADER
fixed length control field 00514nam a22001937a 4500
003 - CONTROL NUMBER IDENTIFIER
control field OSt
005 - DATE AND TIME OF LATEST TRANSACTION
control field 20210729062824.0
008 - FIXED-LENGTH DATA ELEMENTS--GENERAL INFORMATION
fixed length control field 210729b ||||| |||| 00| 0 eng d
020 ## - INTERNATIONAL STANDARD BOOK NUMBER
International Standard Book Number -
040 ## - CATALOGING SOURCE
Transcribing agency ALUPE UNIVERITY
050 ## - LIBRARY OF CONGRESS CALL NUMBER
Classification number TX820
Item number .H45 2014
100 ## - MAIN ENTRY--PERSONAL NAME
Personal name Sharareh Hekmat
245 ## - TITLE STATEMENT
Title Foods & Nutrition 2232 sections 530 & 534 Brescia
260 ## - PUBLICATION, DISTRIBUTION, ETC.
Place of publication, distribution, etc. Western university canada
Name of publisher, distributor, etc. Brescia Kings
Date of publication, distribution, etc. 2014
300 ## - PHYSICAL DESCRIPTION
Extent xiv, 298pgs,
Dimensions 28cm
650 ## - SUBJECT ADDED ENTRY--TOPICAL TERM
Topical term or geographic name entry element Recipes
700 ## - ADDED ENTRY--PERSONAL NAME
Personal name Gladys Ylimaki
942 ## - ADDED ENTRY ELEMENTS (KOHA)
Source of classification or shelving scheme
Koha item type Book
Suppress in OPAC PW
Holdings
Withdrawn status Lost status Source of classification or shelving scheme Damaged status Not for loan Permanent Location Current Location Shelving location Date acquired Source of acquisition Total Checkouts Full call number Barcode Date last seen Price effective from Koha item type Public note
          AU LIBRARY AU LIBRARY Open Shelf 29.07.2021 DONATION FROM MOI UNIVERSITY   TX820 .H45 2014 28002841 29.07.2021 29.07.2021 Book PW

Powered by Koha